[Event "Toronto int"]
[Site "Toronto"]
[Date "1984.07.??"]
[Round "?"]
[White "Deschesnes, Steve"]
[Black "Marinzel, Joe"]
[Result "1-0"]
[WhiteElo "1830"]
[BlackElo "1446"]
[PlyCount "41"]
[EventDate "1984.07.21"]
[EventType "tourn"]
[EventRounds "10"]
[EventCountry "CAN"]
[SourceTitle "EXT 2022"]
[Source "ChessBase"]
[SourceDate "2021.10.06"]
[SourceVersion "1"]
[SourceVersionDate "2021.10.06"]
[SourceQuality "1"]

1. e4 e5 2. Nf3 Nc6 3. Bb5 a6 4. Ba4 Nf6 5. 0-0 b5 6. Bb3 h6 7. c3 Be7 8. Re1 0-0 9. d4 exd4 10. cxd4 Bb4 11. Nc3 Bb7 12. e5 Nh7 13. Bc2 Ne7 14. Nh4 Re8 15. Qg4 Kh8 16. Re3 Rg8 17. Rh3 Bc8 18. Qf3 Nc6 19. Qxf7 Ne7 20. Ng6+ Nxg6 21. Qxg6 1-0